The Emperor's new clothes

Bibliographic Details
Format: Book
Published: India : R.K.Educational Aids , 2005
Series:My big book of fairy tales
Subjects:

MARC

LEADER 00000cam a2200000 7i4500
001 0000061634
005 20220105104208.0
008 160319
020 |a 8178482150 
090 0 0 |a CT   |b ENG 
245 0 4 |a The Emperor's new clothes 
260 |a India :   |b R.K.Educational Aids ,   |c 2005 
300 |a 16pg. :   |b col.ill. 
490 0 |a My big book of fairy tales 
500 |a Children age 4-6 years old (yellow) 
650 0 |a Children's stories, English 
999 |a 0001078368   |b Book   |c Children Collection   |e Cawangan Tangkak 
999 |a 0001078390   |b Book   |c Children Collection   |e Cawangan Tangkak